01267nam a2200313Ia 4500001001200000003000800012006001900020007001500039008004100054010001700095020001500112020001800127040002100145035002100166050002500187082002100212245012800233260004100361300002500402504004100427533015200468650004200620650004900662655002900711710005300740710001700793856012600810999001700936ebr10044403CaPaEBRm u cr cn|||||||||021210s2003 dcua sb 000 0 eng d z 2002044903 z0821353667 z9780821353660 aCaPaEBRcCaPaEBR a(OCoLC)56053272614aHC145.Z9bC36 2003eb04a338.97283/0522100aPrivate solutions for infrastructure in Hondurash[electronic resource] /cPublic-Private Infrastructure Advisory Facility. aWashington, DC :bWorld Bank,c2003. axvii, 140 p. :bill. aIncludes bibliographical references. aElectronic reproduction.bPalo Alto, Calif. :cebrary,d2009.nAvailable via World Wide Web.nAccess may be limited to ebrary affiliated libraries. 0aInfrastructure (Economics)zHonduras. 0aPublic-private sector cooperationzHonduras. 7aElectronic books.2local2 aPublic-Private Infrastructure Advisory Facility.2 aebrary, Inc.40uhttp://site.ebrary.com/lib/rucke/Doc?id=10044403zAn electronic book accessible through the World Wide Web; click to view c75059d75059